LEADER 02045nam a2200337 i 4500 001 991001007299707536 008 050510s2003 it 000 0 ita d 020 $a888176461X 035 $ab1330611x-39ule_inst 040 $aDip.to Studi Giuridici$bita 082 0 $a338.90 245 03$aLo sviluppo economico locale :$bpolitiche di programmazione e strumenti di incentivazione /$ca cura di Cosimo Casilli ; prefazione di Nicola De Liso 260 $aSan Cesario di Lecce :$bManni,$cc2003 300 $a270 p. ;$c21 cm 650 4$aSviluppo economico 700 1 $aCasilli, Cosimo 700 1 $aDe Liso, Nicola 907 $a.b1330611x$b02-09-09$c10-05-05 912 $a991001007299707536 945 $aLE005 CORSO S.S.C.S. N-P. 99 c. 1$cc. 1$g1$i2005000167065$lle005$o-$pE17.50$q-$rn$so $t0$u1$v1$w1$x0$y.i14065757$z12-05-05 945 $aLE005 CORSO S.S.C.S. N-P. 99 c. 2$cc. 2$g2$i2005000167072$lle005$o-$pE17.50$q-$rn$so $t0$u1$v0$w1$x0$y.i14065770$z12-05-05 945 $aLE005 CORSO S.S.C.S. N-P. 99 c. 03$cc. 3$g3$i2005000180347$lle005$o-$pE17.50$q-$rl$s- $t0$u0$v0$w0$x0$y.i14351481$z19-01-07 945 $aLE005 CORSO S.S.C.S. N-P. 99 c. 04$cc. 4$g4$i2005000180354$lle005$o-$pE17.50$q-$rl$s- $t0$u1$v0$w1$x0$y.i1435150x$z19-01-07 945 $aLE027 338.90 CAS01.01 C.1$cC. 1$g1$i2027000099009$lle027$o-$pE17.50$q-$rn$so $t0$u0$v0$w0$x0$y.i14062161$z10-05-05 945 $aLE027 338.90 CAS01.01 C.2$cC. 2$g1$i2027000099405$lle027$o-$pE17.50$q-$rn$so $t0$u0$v0$w0$x0$y.i14062197$z10-05-05 945 $aLE027 338.90 CAS01.01 C.3$cC. 3$g1$i2027000099436$lle027$o-$pE17.50$q-$rn$so $t0$u1$v1$w1$x0$y.i14062227$z10-05-05 945 $aLE027 338.90 CAS01.01 C.4$cC. 4$g1$i2027000099412$lle027$o-$pE17.50$q-$rn$so $t0$u0$v0$w0$x0$y.i14062239$z10-05-05 945 $aLE027 338.90 CAS01.01 C.5$cC. 5$g1$i2027000099429$lle027$o-$pE17.50$q-$rn$so $t0$u0$v0$w0$x0$y.i14062240$z10-05-05 996 $aSviluppo economico locale$91103906 997 $aUNISALENTO 998 $a(4)le005$a(5)le027$b10-05-05$cm$da $e-$fita$git $h3$i9 LEADER 03117oam 2200745I 450 001 9910779070603321 005 20200520144314.0 010 $a1-136-64367-2 010 $a1-283-44131-4 010 $a9786613441317 010 $a0-203-80481-3 010 $a1-136-64368-0 024 7 $a10.4324/9780203804810 035 $a(CKB)2550000000087470 035 $a(EBL)957366 035 $a(OCoLC)798533042 035 $a(SSID)ssj0000589658 035 $a(PQKBManifestationID)12226176 035 $a(PQKBTitleCode)TC0000589658 035 $a(PQKBWorkID)10664792 035 $a(PQKB)11580753 035 $a(MiAaPQ)EBC957366 035 $a(Au-PeEL)EBL957366 035 $a(CaPaEBR)ebr10529241 035 $a(CaONFJC)MIL344131 035 $a(OCoLC)785777840 035 $a(OCoLC)466361225 035 $a(FINmELB)ELB146026 035 $a(PPN)198450311 035 $a(EXLCZ)992550000000087470 100 $a20180706d2012 uy 0 101 0 $aeng 135 $aur|n|---||||| 181 $ctxt 182 $cc 183 $acr 200 10$aBeyond biopolitics $etheory, violence, and horror in world politics /$fFrancois Debrix and Alexander D. Barder 210 1$aMilton Park, Abingdon, Oxon [England] ;$aNew York :$cRoutledge,$d2012. 215 $a1 online resource (180 p.) 225 0 $aInterventions 300 $aDescription based upon print version of record. 311 $a0-415-64366-X 311 $a0-415-78059-4 320 $aIncludes bibliographical references (p. [134]-166) and index. 327 $aIntroduction : beyond biopolitics -- Agonal sovereignty : rethinking war and politics in an age of terror -- Nothing to fear but fear itself : governmentality and the reproduction of terror -- The nomos of exception and the virtuality of geopolitical space -- The horror of enmity : rethinking alterity in the age of global war -- Conclusion : facing horrific violence. 330 $aBeyond Biopolitics exposes the conceptual limits of critical biopolitical approaches to violence, war, and terror in the post-9/11-War on Terror era.This volume shows that such popular international political theories rely upon frames of representation that leave out of focus a series of extreme forms of gruesome violence that have no concern for the preservation of life, a crucial biopolitical theme. Debrix and Barder mobilize different concepts-horror, agonal sovereignty, the pulverization of the flesh, or the notion of an inhumanity-to-come-to shed light on past and prese 410 0$aInterventions 606 $aBiopolitics 606 $aTerrorism 606 $aWar on Terrorism, 2001-2009 606 $aPolitical violence 615 0$aBiopolitics. 615 0$aTerrorism. 615 0$aWar on Terrorism, 2001-2009. 615 0$aPolitical violence. 676 $a327.101 700 $aDebrix$b Francois.$0864404 701 $aBarder$b Alexander D$01552022 801 0$bMiAaPQ 801 1$bMiAaPQ 801 2$bMiAaPQ 906 $aBOOK 912 $a9910779070603321 996 $aBeyond biopolitics$93811794 997 $aUNINA